[Event "Titled Tue 24th Jun Early"]
[Site "chess.com INT"]
[Date "2025.06.24"]
[Round "11"]
[White "Donchenko, Alexander"]
[Black "Kramnik, Vladimir"]
[Result "1-0"]
[WhiteTitle "GM"]
[BlackTitle "GM"]
[WhiteElo "2613"]
[BlackElo "2753"]
[WhiteFideId "24603295"]
[BlackFideId "4101588"]
[EventDate "2025.06.24"]

1. d4 Nf6 2. c4 e6 3. Nc3 Bb4 4. e3 O-O 5. Bd3 d5 6. a3 Be7 7. Nf3 Nbd7 8. O-O
c5 9. cxd5 exd5 10. dxc5 Nxc5 11. h3 Nfe4 12. Ne2 Bf6 13. Bc2 Be6 14. Rb1 Rc8
15. b4 Nd7 16. Bb2 Bxb2 17. Rxb2 Nb6 18. Ra2 Qf6 19. Qd4 Qxd4 20. Nfxd4 Nd6 21.
Rd1 Rfe8 22. Nf4 Bd7 23. Bb3 Ne4 24. Nde2 Nf6 25. Raa1 Bb5 26. Rac1 Rxc1 27.
Rxc1 g5 28. Nd4 gxf4 29. Nxb5 fxe3 30. Re1 a6 31. Nd6 exf2+ 32. Kxf2 Ne4+ 33.
Nxe4 dxe4 34. Ke3 Kg7 35. Rc1 Re7 36. Rc5 Kg6 37. g4 Kg7 38. Rg5+ Kf8 39. Rf5
Nd7 40. Rf4 Ne5 41. Rxe4 f6 42. Kf4 Kg7 43. Kg3 Rc7 44. Re3 h6 45. h4 Kg6 46.
Be6 Rc1 47. Bf5+ Kg7 48. Kf4 Rf1+ 49. Ke4 Rg1 50. Kf4 Rf1+ 51. Ke4 b5 52. Rc3
Nc4 53. Kd4 h5 54. Kc5 hxg4 55. Bxg4 Ne5 56. Be6 Rh1 57. Kb6 Rxh4 58. Kxa6 Rd4
59. Kxb5 Kg6 60. a4 f5 61. a5 Kf6 62. Bc8 Rd5+ 63. Rc5 Rd8 64. a6 Nf7 65. a7
Nd6+ 66. Ka6 1-0

[Event "Titled Tue 24th Jun Early"]
[Site "chess.com INT"]
[Date "2025.06.24"]
[Round "11"]
[White "Galchenko, Matvey"]
[Black "Mayank, Chakraborty"]
[Result "0-1"]
[WhiteTitle "IM"]
[BlackTitle "IM"]
[WhiteElo "2435"]
[BlackElo "2457"]
[WhiteFideId "24175480"]
[BlackFideId "25659766"]
[EventDate "2025.06.24"]

1. f4 d5 2. Nf3 Nf6 3. g3 c5 4. Bg2 Nc6 5. O-O g6 6. d3 Bg7 7. Nc3 O-O 8. e4
dxe4 9. dxe4 Bg4 10. e5 Nd7 11. Be3 Nd4 12. Bxd4 cxd4 13. Qxd4 Bxf3 14. Bxf3
Nxe5 15. Qb4 Nxf3+ 16. Rxf3 Qd4+ 17. Qxd4 Bxd4+ 18. Kf1 Rfd8 19. Rd1 Bg7 20.
Rfd3 Rxd3 21. Rxd3 Rc8 22. Rd7 Bxc3 23. bxc3 Rxc3 24. Rxb7 Rxc2 25. Rxa7 Rxh2
26. Rxe7 Rxa2 27. Re5 Kg7 28. Rb5 h6 29. Kg1 Kf6 30. Kf1 Rc2 31. Kg1 g5 32.
fxg5+ hxg5 33. Kf1 Kg6 34. Rb6+ Kf5 35. Rb4 f6 36. Kg1 Re2 37. Kf1 Re4 38. Rb6
Re6 39. Rb4 Re4 40. Rb6 Re3 41. Kf2 Ra3 42. Rb4 Ke5 43. Rb5+ Ke4 44. Rb4+ Kf5
45. Rc4 Rd3 46. Rb4 Ke5 47. Ra4 Rd4 48. Ra5+ Ke4 49. Ra2 Rd3 50. Re2+ Kf5 51.
Kg2 Ra3 52. Rb2 Rd3 53. Rb5+ Ke4 54. Rb4+ Rd4 55. Rb2 Ke3 56. Rb6 Rd2+ 57. Kh3
f5 58. Rf6 g4+ 59. Kh4 Rh2+ 60. Kg5 Kf3 61. Rxf5+ Kxg3 62. Ra5 Kh3 63. Kf4 Rf2+
64. Ke3 Rf8 65. Rh5+ Kg2 66. Rf5 Rxf5 0-1

[Event "Titled Tue 24th Jun Early"]
[Site "chess.com INT"]
[Date "2025.06.24"]
[Round "11"]
[White "Gaal, Zsoka"]
[Black "Lugo, Blas"]
[Result "1-0"]
[WhiteTitle "WGM"]
[BlackTitle "IM"]
[WhiteElo "2391"]
[BlackElo "2399"]
[WhiteFideId "777765"]
[BlackFideId "2011263"]
[EventDate "2025.06.24"]

1. Nf3 d5 2. g3 c6 3. Bg2 Bg4 4. O-O Nd7 5. h3 Bxf3 6. Bxf3 e5 7. d3 Ngf6 8. e4
Bd6 9. exd5 cxd5 10. Nc3 d4 11. Nb5 Bc5 12. Bxb7 Rb8 13. Bc6 Rb6 14. Bxd7+ Qxd7
15. a4 Qxh3 16. Qf3 O-O 17. Bd2 a6 18. b4 Be7 19. Na3 Bxb4 20. Nc4 Rbb8 21. Bxb4
Rxb4 22. Nxe5 Re8 23. Nc6 Rb2 24. Nxd4 Ng4 25. Qh1 Qxh1+ 26. Kxh1 Nxf2+ 27. Rxf2
h5 28. Raf1 f6 29. c4 Rb4 30. a5 Ra4 31. Nc6 Re6 32. Nd4 Rd6 33. Nf5 Rxd3 34.
Rc2 Rxa5 35. c5 Rd7 36. c6 Rc7 37. Nd6 Rd5 38. Ne8 Rc8 39. c7 Rd7 40. Re1 Kf7
41. Rc6 a5 42. Nd6+ Rxd6 43. Rxd6 Rxc7 44. Ra6 Rc3 45. Kg2 Rc5 46. Ra7+ Kg8 47.
Re8+ Kh7 48. Ree7 Rg5 49. Kf3 Rf5+ 50. Ke4 Rg5 51. Kf4 Kh6 52. Ra6 Rg4+ 53. Kf3
a4 54. Rea7 Rg5 55. Rxa4 Rf5+ 56. Rf4 Rb5 57. Re4 Rb3+ 58. Re3 Rb5 59. Ree7 Rg5
60. Ra4 Kh7 61. Rh4 Kg6 62. g4 Rc5 63. gxh5+ Kh6 64. Rg4 Rc3+ 65. Ke2 Rc2+ 66.
Kd3 Rc5 67. Rexg7 Kxh5 68. Rg1 Kh6 69. Rg8 Kh7 70. R8g6 Rh5 71. Rxf6 Rh3+ 72.
Ke4 Rh4+ 73. Rf4 Rh5 74. Rf7+ Kh6 75. Rf5 Rh4+ 76. Ke5 Rh3 77. Kf6 Rh4 78. Kf7
Kh7 79. Rgg5 Kh6 80. Rg6+ Kh7 81. Rff6 Rh1 82. Rg7+ Kh8 83. Rg3 1-0

[Event "Titled Tue 24th Jun Early"]
[Site "chess.com INT"]
[Date "2025.06.24"]
[Round "11"]
[White "Lazavik, Denis"]
[Black "Gasparyan, Erik R."]
[Result "1-0"]
[WhiteTitle "GM"]
[BlackTitle "IM"]
[WhiteElo "2580"]
[BlackElo "2372"]
[WhiteFideId "13515110"]
[BlackFideId "13315730"]
[EventDate "2025.06.24"]

1. Nf3 Nf6 2. b3 b6 3. Bb2 e6 4. g3 Bb7 5. Bg2 Be7 6. O-O O-O 7. c4 d5 8. cxd5
Nxd5 9. d4 Nd7 10. Nbd2 c5 11. Rc1 Rc8 12. Nc4 b5 13. Nce5 Nxe5 14. Nxe5 a6 15.
dxc5 Bxc5 16. e3 Qe7 17. Qe2 Rfd8 18. Rfd1 Ba3 19. h4 h6 20. Rxc8 Rxc8 21. Bd4
Nf6 22. Bxb7 Qxb7 23. Nd3 Be7 24. Qb2 Qf3 25. Rc1 Rxc1+ 26. Qxc1 Ne4 27. Qc8+
Kh7 28. Qc2 Bd6 29. a4 Qf5 30. axb5 axb5 31. Qd1 f6 32. Bb2 Qd5 33. Qc2 Qf5 34.
Qe2 h5 35. Ne1 Nc5 36. Qxb5 Qb1 37. Qe2 Kg6 38. b4 Na4 39. Ba3 Qa1 40. Qd3+ Kf7
41. Qxd6 Qxa3 42. Nf3 Qc1+ 43. Kg2 Qc8 44. b5 Qb7 45. Qc6 Qxc6 46. bxc6 Ke7 47.
Nd4 Kd6 48. Kf3 g6 49. c7 Nb6 50. Ke4 e5 51. Nb5+ Kc6 52. Nc3 Kxc7 53. Nd5+ Nxd5
54. Kxd5 Kd7 55. e4 Ke7 56. f3 Kd7 57. f4 exf4 58. gxf4 Ke7 59. e5 Kf7 60. Kd6
fxe5 61. fxe5 Ke8 62. Ke6 g5 63. hxg5 h4 64. g6 Kf8 65. Kf6 h3 66. e6 h2 67. e7+
Ke8 68. g7 1-0

[Event "Titled Tue 24th Jun Early"]
[Site "chess.com INT"]
[Date "2025.06.24"]
[Round "11"]
[White "Moroni, Luca Jr"]
[Black "Carnicelli, Valerio"]
[Result "0-1"]
[WhiteTitle "GM"]
[BlackTitle "FM"]
[WhiteElo "2549"]
[BlackElo "2396"]
[WhiteFideId "865834"]
[BlackFideId "856185"]
[EventDate "2025.06.24"]

1. d4 d6 2. e4 Nf6 3. Nc3 e5 4. dxe5 dxe5 5. Qxd8+ Kxd8 6. Bc4 Be6 7. Bxe6 fxe6
8. Be3 Bd6 9. f3 a6 10. Nh3 Ke7 11. O-O-O b5 12. Nf2 Nc6 13. Nd3 Rhd8 14. b3 h6
15. Kb2 Rab8 16. a4 Nd7 17. Ra1 Nd4 18. axb5 axb5 19. Ra7 Rdc8 20. f4 b4 21.
Bxd4 exd4 22. Ne2 e5 23. fxe5 Nxe5 24. Nef4 Nxd3+ 25. Nxd3 Ke6 26. e5 Be7 27.
Re1 Ra8 28. Nf4+ Kd7 29. e6+ Kd6 30. Rxa8 Rxa8 31. Nd3 Rf8 32. Re2 c5 33. Ne5
Rf6 34. Nc4+ Kd5 35. Re5+ Kc6 36. Re2 Kd5 37. Re5+ Kc6 38. Kc1 Rf2 39. Kd1 g5
40. g4 Rxh2 41. Rf5 Rg2 42. Rf7 Bd6 43. e7 Bxe7 44. Rxe7 Rxg4 45. Rh7 Rh4 46.
Kd2 Kd5 47. Rd7+ Ke4 48. Re7+ Kd5 49. Re5+ Kc6 50. Rf5 g4 51. Rf6+ Kd5 52. Rg6
Ke4 53. Ke1 Kf3 54. Ne5+ Kg3 55. Ke2 h5 56. Kd3 Rh2 57. Rg5 Kf4 58. Nf7 g3 59.
Rg6 h4 60. Ng5 g2 61. Nh7 Kf5 62. Rg5+ Kf4 63. Rg8 h3 64. Nf6 Rh1 65. Nd5+ Kf3
66. Rf8+ Kg3 67. Rg8+ Kh2 68. Nf4 g1=Q 0-1

[Event "Titled Tue 24th Jun Early"]
[Site "chess.com INT"]
[Date "2025.06.24"]
[Round "11"]
[White "Yang, Larry"]
[Black "Damaraju, Ashwin"]
[Result "0-1"]
[WhiteElo "2017"]
[BlackElo "2084"]
[WhiteFideId "2637618"]
[BlackFideId "39908348"]
[EventDate "2025.06.24"]

1. e4 c5 2. Nf3 d6 3. Bb5+ Nd7 4. O-O a6 5. Be2 Ngf6 6. d3 g6 7. Nfd2 Bg7 8. f4
O-O 9. a4 Rb8 10. a5 b5 11. axb6 Bb7 12. Bf3 Nxb6 13. Nc3 e6 14. Qe1 d5 15. e5
Ne8 16. Na4 Nxa4 17. Rxa4 Nc7 18. b3 Nb5 19. Bb2 Qb6 20. Kh1 Bc6 21. Ra1 Nd4 22.
Bxd4 cxd4 23. g4 Bd7 24. g5 Rbc8 25. Bd1 a5 26. Rf3 Qb4 27. Rh3 Rfd8 28. Qf2 a4
29. bxa4 Bxa4 30. Nf3 Bxc2 31. Nxd4 Bxd1 32. Rxd1 Rc3 33. Ne2 Rc2 34. Qe1 Qb2
35. Qa5 Rdc8 36. Ng1 Rc1 37. Rxc1 Qxc1 38. Qa7 Qxf4 39. Rf3 Qxe5 40. Rxf7 Rf8
41. Rxf8+ Bxf8 42. Nf3 Qf4 43. Kg2 e5 44. Qb7 Qg4+ 45. Kf2 Qe6 46. Qb2 e4 47.
dxe4 dxe4 48. Nd4 Bc5 49. Ke3 Qe5 50. Qb3+ Kg7 51. Qb7+ Kf8 52. Qc8+ Ke7 53.
Qb7+ Kd8 54. Qa8+ Kc7 55. Ke2 Qxd4 56. Qa5+ Kc6 57. Qa6+ Bb6 58. Qa8+ Kb5 59.
Qe8+ Kb4 60. Qe7+ Bc5 61. Qb7+ Kc4 62. Qa6+ Kd5 63. Qa8+ Ke5 64. Qe8+ Kf4 65.
Qf7+ Kg4 66. h4 Qd3+ 67. Ke1 Bb4+ 68. Kf2 Qf3+ 69. Qxf3+ exf3 70. h5 gxh5 71. g6
hxg6 72. Kf1 Kf4 73. Kg1 Bc5+ 74. Kh2 f2 75. Kg2 Ke3 76. Kf1 Bf8 77. Kg2 Ke2 78.
Kg3 f1=Q 79. Kh4 Qf5 80. Kg3 Qg4+ 81. Kh2 Kf3 82. Kh1 Qg2# 0-1

[Event "Titled Tue 24th Jun Early"]
[Site "chess.com INT"]
[Date "2025.06.24"]
[Round "11"]
[White "Teterev, Vitaly"]
[Black "Rogov, Matfey"]
[Result "1-0"]
[WhiteTitle "GM"]
[BlackTitle "FM"]
[WhiteElo "2248"]
[BlackElo "2348"]
[WhiteFideId "13501429"]
[BlackFideId "44191308"]
[EventDate "2025.06.24"]

1. e4 e5 2. Nf3 f5 3. exf5 e4 4. Nd4 Nf6 5. d3 d5 6. dxe4 dxe4 7. Bc4 c5 8. Ne6
Qxd1+ 9. Kxd1 Bxe6 10. Bxe6 Nc6 11. c3 Nd8 12. Bc4 a6 13. a4 Nf7 14. Ke2 Bd6 15.
Na3 Bc7 16. h3 h5 17. Be3 b6 18. Rad1 Nd6 19. Be6 Ke7 20. a5 g6 21. axb6 Bxb6
22. Bg5 Bc7 23. Nc4 Nxf5 24. Bxf5 gxf5 25. Rd5 Rhg8 26. Rxf5 Raf8 27. Ra1 a5 28.
Nxa5 Ke6 29. Rxc5 Bd6 30. Rb5 Nd5 31. h4 Rf5 32. c4 Nf4+ 33. Bxf4 Rxf4 34. g3
Rf3 35. Nb3 Be5 36. Ra6+ Kf7 37. Rxe5 Rxb3 38. Rxe4 Rxb2+ 39. Kf3 Rd8 40. Ra7+
Kf6 41. Ra6+ Kf5 42. Ra5+ Kf6 43. Rxh5 Rdd2 44. Rf4+ Ke6 45. Kg2 Rd1 46. Rg5
Rbb1 47. h5 Rh1 48. Kf3 Rb3+ 49. Kg4 Rbb1 50. Rg6+ Ke5 51. Rg5+ Ke6 52. c5 Rbc1
53. Rg6+ Ke5 54. c6 Rh2 55. Rf5+ Ke4 56. Re6+ Kd4 57. h6 Kd3 58. Rd5+ Kc4 59.
Rf5 Kb3 60. Rf7 Rc4+ 61. f4 Rc5 62. h7 Rch5 63. c7 Rc5 64. Re8 Rc3 65. c8=Q Rg2
66. Qb7+ Kc2 67. Qxg2+ 1-0

[Event "Titled Tue 24th Jun Early"]
[Site "chess.com INT"]
[Date "2025.06.24"]
[Round "11"]
[White "Gimeno Martos, Roberto"]
[Black "Ivashentseva, Dominika"]
[Result "1-0"]
[WhiteTitle "CM"]
[BlackTitle "WCM"]
[WhiteElo "2090"]
[BlackElo "1969"]
[WhiteFideId "2226804"]
[BlackFideId "34331050"]
[EventDate "2025.06.24"]

1. d4 d5 2. Nf3 Nf6 3. e3 e6 4. Bd3 Be7 5. O-O O-O 6. Qe2 c5 7. c3 Nc6 8. Nbd2
cxd4 9. exd4 Qc7 10. Ne5 Nxe5 11. dxe5 Nd7 12. f4 Nc5 13. Bc2 f6 14. b4 Nd7 15.
exf6 Nxf6 16. Nf3 Qxc3 17. Bb2 Qxb4 18. Rab1 Qxf4 19. Ne5 Qb4 20. Kh1 Qa5 21. g4
d4 22. g5 Qd5+ 23. Kg1 Nd7 24. Rxf8+ Nxf8 25. Be4 Qd8 26. Rf1 Bxg5 27. Ba3 Bf6
28. Qh5 h6 29. Bxf8 Qxf8 30. Qg6 Qc5 31. Qh7+ Kf8 32. Rxf6+ Ke8 33. Qg8+ Ke7 34.
Qf7+ Kd6 35. Qf8+ Kxe5 36. Qxc5+ Kxf6 37. Qxd4+ e5 38. Qd6+ Be6 39. Bd5 Re8 40.
Bxb7 Re7 41. Bd5 Kf7 42. Bxe6+ Rxe6 43. Qd7+ Re7 44. Qf5+ Kg8 45. Qe4 Kf7 46.
Kf2 Kf6 47. Ke3 g6 48. h4 h5 49. Qf3+ Kg7 50. Ke4 Re6 51. Qc3 Kf6 52. Qc8 a6 53.
Qh8+ Ke7 54. a4 Kd6 55. a5 Kc5 56. Qc8+ Rc6 57. Qf8+ Kb5 58. Qd8 Rc5 59. Qb6+
Kc4 60. Qd8 Kb5 61. Qb6+ Kc4 62. Qxg6 Rxa5 63. Qxh5 Rc5 64. Qe2+ Kb4 65. h5 a5
66. h6 a4 67. h7 Rc8 68. Qb2+ Ka5 69. Qxe5+ Ka6 70. h8=Q Rxh8 71. Qxh8 Kb5 72.
Qa1 Kb4 73. Kd3 a3 74. Kc2 Ka4 75. Kc3 Kb5 76. Kb3 Kb6 77. Qxa3 Kc7 78. Qa4 Kc8
79. Kc4 Kd8 80. Qa7 Ke8 81. Kd5 Kf8 82. Ke6 Kg8 83. Kf6 Kh8 84. Qg7# 1-0

[Event "Titled Tue 24th Jun Early"]
[Site "chess.com INT"]
[Date "2025.06.24"]
[Round "11"]
[White "Kozak, Antoni"]
[Black "Harshavardhan, G B"]
[Result "1-0"]
[BlackTitle "IM"]
[WhiteElo "2426"]
[BlackElo "2472"]
[WhiteFideId "21832030"]
[BlackFideId "25059009"]
[EventDate "2025.06.24"]

1. Nf3 c5 2. c4 Nc6 3. Nc3 g6 4. d4 cxd4 5. Nxd4 Bg7 6. e3 d6 7. g3 h5 8. h3 Bd7
9. Bg2 Rc8 10. b3 Qa5 11. Qd2 Nf6 12. O-O O-O 13. Bb2 Nxd4 14. exd4 b5 15. cxb5
Bxb5 16. Rfe1 Rfe8 17. Rad1 Bd7 18. d5 Nh7 19. Ne4 Qxd2 20. Rxd2 Bxb2 21. Rxb2
Rc7 22. Rbe2 Kf8 23. h4 Rec8 24. Bf1 Bg4 25. Rd2 f5 26. Ng5 Nxg5 27. hxg5 Bf3
28. Bc4 Rxc4 29. bxc4 Rxc4 30. Rd3 Be4 31. Rde3 Rc7 32. Rd1 Rc5 33. Rde1 Rc7 34.
Rd1 Rc5 35. Ra3 a5 36. f3 Bxd5 37. Rd2 Kf7 38. Kf2 Bc6 39. Re3 a4 40. Ree2 Bb5
41. Re3 Bd7 42. Rde2 e5 43. Rd2 Ke7 44. Red3 Rc6 45. Rd5 Rb6 46. f4 e4 47. R5d4
Ra6 48. Ke3 Be6 49. Rb2 a3 50. Rbd2 d5 51. Rb4 Kd6 52. Kd4 Bd7 53. Rc2 Ra5 54.
Rb6+ Ke7 55. Rc7 Ra4+ 56. Ke5 e3 57. Rd6 Re4+ 58. Kxd5 Rd4+ 59. Kxd4 Kxd6 60.
Rc2 Be6 61. Kxe3 Kd5 62. Rc3 h4 63. gxh4 Kd6 64. Rxa3 Bd5 65. Ra6+ Kc5 66. Rxg6
Bxa2 67. Rf6 Kd5 68. Rxf5+ Ke6 69. Rf6+ Ke7 70. h5 Bg8 71. h6 Be6 72. Kd4 Bg8
73. Ke5 Bh7 74. f5 Ke8 75. g6 Bg8 76. h7 Ba2 77. h8=Q+ Ke7 78. Qf8+ Kd7 79. Rd6+
Kc7 80. Qd8+ Kb7 81. Rb6+ Ka7 82. Qa8+ Kxa8 83. Ra6+ Kb7 84. Rxa2 Kc7 85. Rd2
Kc6 86. g7 Kc5 87. g8=Q Kb4 88. Qb8+ Kc3 89. Rd7 Kc4 90. Qc8+ Kb5 91. Rb7+ Ka6
92. Qa8# 1-0

[Event "Titled Tue 24th Jun Early"]
[Site "chess.com INT"]
[Date "2025.06.24"]
[Round "11"]
[White "Shogdzhiev, Roman"]
[Black "Ganzhurov, Roman"]
[Result "0-1"]
[WhiteTitle "FM"]
[BlackTitle "FM"]
[WhiteElo "2402"]
[BlackElo "2082"]
[WhiteFideId "55653537"]
[BlackFideId "4179501"]
[EventDate "2025.06.24"]

1. d3 d5 2. Nd2 e5 3. g3 Nf6 4. Bg2 Be7 5. e4 c6 6. Ngf3 Qc7 7. O-O h6 8. Re1
Bg4 9. h3 Bxf3 10. Nxf3 Nbd7 11. c3 Rd8 12. Qc2 dxe4 13. dxe4 Nf8 14. Be3 Ne6
15. b4 a5 16. a3 O-O 17. Rad1 Kh7 18. Nxe5 Qxe5 19. f4 Qc7 20. e5+ Kg8 21. exf6
Bxf6 22. f5 Rxd1 23. Rxd1 Ng5 24. Bf4 Qb6+ 25. Kh2 axb4 26. axb4 Rd8 27. h4 Nh7
28. Rxd8+ Qxd8 29. Kh3 Nf8 30. c4 Qd7 31. Be4 Ng6 32. Be3 Ne5 33. Qe2 Be7 34.
Kg2 Bxb4 35. f6 Bf8 36. Bf4 Ng6 37. fxg7 Nxf4+ 38. gxf4 Bxg7 39. Kg3 Bf6 40. h5
Qd4 41. Kg4 Qg1+ 42. Bg2 Qh2 43. Kf5 Qh4 44. Qf3 Kg7 45. Bf1 Be7 46. Qg2+ Kf8
47. Qf3 Qf6+ 48. Ke4 Qe6+ 49. Kd3 Bf6 50. Bh3 Qd6+ 51. Ke2 Qd4 52. Qd3 Qxf4 53.
Kd1 Qg5 54. Qd6+ Kg7 55. Qd7 Qxh5+ 56. Bg4 Qe5 57. Qxb7 h5 58. Be2 Qd4+ 59. Kc2
Qe4+ 60. Bd3 Qg2+ 61. Kd1 h4 62. Qd7 h3 63. Qf5 Qg1+ 64. Kc2 Qg2+ 65. Kd1 h2 66.
Qh7+ Kf8 67. Qh6+ Ke7 68. Qe3+ Kd6 69. c5+ Kc7 70. Qf4+ Kb7 71. Qb4+ Kc7 72.
Qb6+ Kd7 73. Qb7+ Ke6 74. Qc8+ Ke5 75. Qf5+ Kd4 76. Qxf6+ Kxd3 77. Qd6+ Kc4 78.
Qf4+ Kxc5 79. Qe3+ Kd6 80. Qf4+ Ke6 81. Qe3+ Kf5 82. Qd3+ Qe4 83. Qd7+ Qe6 84.
Qd3+ Kf6 85. Qf3+ Ke7 86. Qa3+ Qd6+ 0-1

[Event "Titled Tue 24th Jun Early"]
[Site "chess.com INT"]
[Date "2025.06.24"]
[Round "11"]
[White "Krzywda, Andrzej"]
[Black "Burmakin, Evgeniy"]
[Result "1/2-1/2"]
[WhiteTitle "CM"]
[BlackTitle "FM"]
[WhiteElo "2175"]
[BlackElo "2110"]
[WhiteFideId "1114565"]
[BlackFideId "4163729"]
[EventDate "2025.06.24"]

1. e4 c5 2. Nf3 d6 3. Bb5+ Nd7 4. O-O a6 5. Bxd7+ Bxd7 6. c3 g6 7. d4 cxd4 8.
cxd4 Bg7 9. Nc3 Nf6 10. e5 dxe5 11. dxe5 Ng4 12. Bf4 O-O 13. Qe2 Bc6 14. e6 Qa5
15. Ng5 Nh6 16. exf7+ Nxf7 17. Ne6 Bxc3 18. Nxf8 Qd5 19. Qg4 Bxb2 20. Rad1 Qe4
21. Rfe1 Qxg2+ 22. Qxg2 Bxg2 23. Kxg2 Kxf8 24. Rb1 Bc3 25. Rec1 Bd4 26. Rxb7 Rd8
27. Rb8 Rxb8 28. Bxb8 a5 29. Bc7 a4 30. Rc4 Bf6 31. Rxa4 Ke8 32. Ra7 Bd4 33. Rb7
Kd7 34. Bf4+ Ke6 35. a4 g5 36. Bg3 Nd8 37. Rb5 Nc6 38. Rxg5 Bf6 39. Rb5 Nd4 40.
Rb1 Kd5 41. a5 Nc6 42. a6 Kc5 43. Rc1+ Kb6 44. Rxc6+ Kxc6 45. a7 Kb7 46. Bb8 Bd4
47. Kf3 Bc5 48. h4 h5 49. Ke2 Bb6 50. f3 Bd4 51. Kd3 Bf6 52. Ke4 Bxh4 53. Kf5
Bf6 54. Kg6 h4 55. Kh5 h3 56. Kg4 h2 57. Bxh2 Kxa7 58. Kf5 Kb7 59. Ke6 Kc6 60.
Bf4 Kc5 61. Be3+ Kc4 62. Bb6 Kd3 63. f4 Ke4 64. f5 Kf4 65. Bc7+ Ke4 66. Bd8 Bg5
67. Ba5 Bf6 68. Bb4 Bg5 69. Bc3 Bh4 70. Bg7 Bg5 71. Bf8 Bf6 72. Bh6 Bh4 73. Bc1
Bf6 74. Bd2 Bh4 75. Bc1 Bf6 76. Bd2 Bh4 77. Be1 Bf6 78. Bg3 Bg5 79. Be5 Bh4 80.
Bc3 Bg5 81. Bb4 Bf6 82. Be1 Bg5 83. Bg3 Bf6 84. Bc7 Bg5 85. Bb8 Bf6 86. Bh2 Bg5
87. Be5 Bh4 88. Bh8 Bg5 89. Bg7 Bh4 90. Bf8 Bg5 91. Bg7 Bh4 92. Bf8 Bg5 93. Kf7
Kxf5 94. Bxe7 1/2-1/2

[Event "Titled Tue 24th Jun Early"]
[Site "chess.com INT"]
[Date "2025.06.24"]
[Round "11"]
[White "Lesueur, Gabriel"]
[Black "Herman, Daniel"]
[Result "1-0"]
[WhiteTitle "FM"]
[WhiteElo "2278"]
[BlackElo "1920"]
[WhiteFideId "45186359"]
[BlackFideId "30935008"]
[EventDate "2025.06.24"]

1. d4 Nf6 2. Nf3 e6 3. e3 b6 4. Bd3 Bb7 5. O-O c5 6. c4 Nc6 7. Nc3 cxd4 8. exd4
d5 9. Re1 Be7 10. cxd5 Nxd5 11. Nxd5 Qxd5 12. Be4 Qd7 13. d5 exd5 14. Qxd5 Qxd5
15. Bxd5 Rd8 16. Be4 Kf8 17. Ne5 Nxe5 18. Bxb7 Nd3 19. Rd1 h5 20. Be4 Nc5 21.
Rxd8+ Bxd8 22. Bd5 Bf6 23. Be3 Bxb2 24. Rb1 Be5 25. Bxc5+ bxc5 26. Rb7 Rh6 27.
Rxf7+ Ke8 28. Rxa7 Rd6 29. Bf3 Rd2 30. Bxh5+ Kd8 31. g3 Bd4 32. Rf7 Rxa2 33. Kg2
c4 34. Rf5 Ba7 35. Rf8+ Ke7 36. Rf7+ Ke6 37. Rxg7 Rxf2+ 38. Kh3 Bd4 39. Rc7 c3
40. Bg6 Kf6 41. Bd3 Rd2 42. Be4 Ke5 43. Bh7 Bg1 44. Rxc3 Rxh2+ 45. Kg4 Rxh7 46.
Rc1 Bd4 47. Re1+ Kf6 48. Re4 Be5 49. Kf3 Ra7 50. g4 Ra1 51. Rb4 Rf1+ 52. Ke3 Rg1
53. Rb6+ Kg5 54. Rb4 Rg3+ 55. Ke2 Bf4 56. Re4 Kxg4 57. Re8 Kf5 58. Rf8+ Ke4 59.
Re8+ Be5 60. Rf8 Ra3 61. Rd8 Re3+ 62. Kd2 Rg3 63. Kc2 Bd4 64. Re8+ Kd5 65. Rd8+
Kc4 66. Rc8+ Bc5 67. Kd2 Rg2+ 68. Ke1 Kd5 69. Re8 Bd4 70. Kf1 Ra2 71. Re2 Ra3
72. Kg2 Be5 73. Re1 Ke6 74. Rf1 Kd5 75. Rf3 Ra2+ 76. Kh3 Ke4 77. Rf1 Bf4 78. Kg4
Rg2+ 79. Kh3 Kf5 80. Kxg2 Ke4 81. Re1+ Kf5 82. Kf3 Be5 83. Re4 Ke6 84. Ra4 Kd5
85. Ke3 Bd6 86. Kd3 Bc5 87. Ra5 Kc6 88. Kc4 Bb6 89. Ra6 Kb7 90. Kb5 Bc7 91. Rg6
Bb8 92. Rg7+ Ka8 93. Kb6 Bf4 94. Ra7+ Kb8 95. Ra4 Bc7+ 96. Kc6 Bh2 97. Rh4 Bg1
98. Rh8+ Ka7 99. Rg8 Bf2 100. Kc7 Bb6+ 101. Kc6 Bd4 102. Rg7+ Ka6 103. Rg6 1-0